<?xml version="1.0" encoding="UTF-8"?>
<record
    xmlns:xsi="http://www.w3.org/2001/XMLSchema-instance"
    xsi:schemaLocation="http://www.loc.gov/MARC21/slim http://www.loc.gov/standards/marcxml/schema/MARC21slim.xsd"
    xmlns="http://www.loc.gov/MARC21/slim">

  <leader>02057nam a2200265 a 4500</leader>
  <controlfield tag="001">BRCA_9007</controlfield>
  <controlfield tag="005">20190320210505.0</controlfield>
  <controlfield tag="008">190717m17541773sp-a######---#000-0#spa-#</controlfield>
  <datafield tag="041" ind1=" " ind2=" ">
    <subfield code="a">spa</subfield>
  </datafield>
  <datafield tag="044" ind1=" " ind2=" ">
    <subfield code="a">sp</subfield>
  </datafield>
  <datafield tag="084" ind1=" " ind2=" ">
    <subfield code="a">LM7</subfield>
    <subfield code="b">.P58 1754</subfield>
  </datafield>
  <datafield tag="100" ind1="1" ind2=" ">
    <subfield code="a">Pluche, No&#xEB;l Antoine</subfield>
    <subfield code="d">1688-1761</subfield>
    <subfield code="9">21346</subfield>
  </datafield>
  <datafield tag="245" ind1="1" ind2="0">
    <subfield code="a">Espect&#xE1;culo de la naturaleza, o conversaciones acerca de las particularidades de la historia natural, que han parecido m&#xE1;s a prop&#xF3;sito para excitar una curiosidad &#xFA;til, y formarles la raz&#xF3;n a los j&#xF3;venes lectores</subfield>
    <subfield code="c">escrito en idioma franc&#xE9;s por el Abad M. Pluche.</subfield>
  </datafield>
  <datafield tag="260" ind1=" " ind2=" ">
    <subfield code="a">Madrid</subfield>
    <subfield code="b">En la Imprenta de Pedro Marin</subfield>
    <subfield code="c">[1754-1773]</subfield>
  </datafield>
  <datafield tag="300" ind1=" " ind2=" ">
    <subfield code="a">11 v.</subfield>
    <subfield code="b">il.</subfield>
    <subfield code="c">21.2 x 15.2 cm</subfield>
  </datafield>
  <datafield tag="500" ind1=" " ind2=" ">
    <subfield code="a">Con las licencias necesarias</subfield>
  </datafield>
  <datafield tag="500" ind1=" " ind2=" ">
    <subfield code="a">Estado f&#xED;sico: presenta encuadernaci&#xF3;n en piel</subfield>
  </datafield>
  <datafield tag="505" ind1="0" ind2=" ">
    <subfield code="a">Contenido: T.1 Pte.1, 3a ed.-- T.2 Pte.1, 2a ed.-- T.8 Pte.4 Que contiene lo que mira al Cielo, y &#xE0; las mutuas dependencias de diferentes partes del Universo con las necesidades del hombre demostraci&#xF3;n Evang&#xE9;lica. 3&#xAA; ed.-- T.5 Pte.3, 3&#xAA; ed.-- T.9 Pte.5 Que contiene lo que mira al hombre, considerado en s&#xED; mismo. 3&#xAA; ed.-- T.10 Pte.5, 3&#xAA; ed.-- T.14 Pte.7 Que contiene lo que pertenece al hombre en sociedad. 3&#xAA; ed. A&#xF1;o de 1773.-- T.14 Pte.7 Que contiene lo que pertenece al hombre en sociedad. Traducido al castellano por el P. Estevan de Terreros y Pando. En la Oficina de D. Gabriel Ram&#xED;rez. Estado f&#xED;sico: presenta encuadernaci&#xF3;n en pergamino. A&#xF1;o de 1755.-- T.14 Pte.7 Que contiene lo que pertenece al hombre en sociedad. Traducido al castellano por el P. Estevan de Terreros y Pando. En la Oficina de Joachin Ibarra. 2&#xAA; ed. A&#xF1;o de 1758.-- T.15 Pte.8 Que contiene la preparaci&#xF3;n evang&#xE9;lica. 3&#xAA; ed.-- T.16 Pte.8 Que contiene la demostraci&#xF3;n evang&#xE9;lica. 3&#xAA; ed.</subfield>
  </datafield>
  <datafield tag="650" ind1="1" ind2="4">
    <subfield code="a">Ciencias naturales</subfield>
    <subfield code="y">Obras anteriores a 1800</subfield>
    <subfield code="9">21347</subfield>
  </datafield>
  <datafield tag="700" ind1="1" ind2=" ">
    <subfield code="a">Terreros y Pando, Estevan de</subfield>
    <subfield code="e">tr.</subfield>
    <subfield code="9">22349</subfield>
  </datafield>
  <datafield tag="700" ind1="1" ind2=" ">
    <subfield code="a">Ibarra, Joachin</subfield>
    <subfield code="e">Impresor</subfield>
    <subfield code="9">22350</subfield>
  </datafield>
  <datafield tag="700" ind1="1" ind2=" ">
    <subfield code="a">Ram&#xED;rez, Gabriel</subfield>
    <subfield code="e">Impresor</subfield>
    <subfield code="9">22351</subfield>
  </datafield>
  <datafield tag="902" ind1=" " ind2=" ">
    <subfield code="a">CFM</subfield>
  </datafield>
  <datafield tag="942" ind1=" " ind2=" ">
    <subfield code="2">lcc</subfield>
    <subfield code="c">B</subfield>
  </datafield>
  <datafield tag="999" ind1=" " ind2=" ">
    <subfield code="c">8658</subfield>
    <subfield code="d">8658</subfield>
  </datafield>
  <datafield tag="952" ind1=" " ind2=" ">
    <subfield code="0">0</subfield>
    <subfield code="1">0</subfield>
    <subfield code="4">0</subfield>
    <subfield code="7">0</subfield>
    <subfield code="a">BRCA</subfield>
    <subfield code="b">BRCA</subfield>
    <subfield code="d">2017-07-19</subfield>
    <subfield code="l">0</subfield>
    <subfield code="o">LM7 .P58 1754</subfield>
    <subfield code="p">CFM00317</subfield>
    <subfield code="r">2019-03-22 00:00:00</subfield>
    <subfield code="w">2019-03-22</subfield>
    <subfield code="y">B</subfield>
  </datafield>
  <datafield tag="952" ind1=" " ind2=" ">
    <subfield code="0">0</subfield>
    <subfield code="1">0</subfield>
    <subfield code="4">0</subfield>
    <subfield code="7">0</subfield>
    <subfield code="8">CFM</subfield>
    <subfield code="a">BRCA</subfield>
    <subfield code="b">BRCA</subfield>
    <subfield code="d">2017-09-15</subfield>
    <subfield code="l">0</subfield>
    <subfield code="o">LM7 .P58 1754</subfield>
    <subfield code="p">CFM00318</subfield>
    <subfield code="r">2019-03-22 00:00:00</subfield>
    <subfield code="w">2019-03-22</subfield>
    <subfield code="y">B</subfield>
  </datafield>
  <datafield tag="952" ind1=" " ind2=" ">
    <subfield code="0">0</subfield>
    <subfield code="1">0</subfield>
    <subfield code="4">0</subfield>
    <subfield code="7">0</subfield>
    <subfield code="8">CFM</subfield>
    <subfield code="a">BRCA</subfield>
    <subfield code="b">BRCA</subfield>
    <subfield code="d">2017-09-15</subfield>
    <subfield code="l">0</subfield>
    <subfield code="o">LM7 .P58 1754</subfield>
    <subfield code="p">CFM00319</subfield>
    <subfield code="r">2019-03-22 00:00:00</subfield>
    <subfield code="w">2019-03-22</subfield>
    <subfield code="y">B</subfield>
  </datafield>
  <datafield tag="952" ind1=" " ind2=" ">
    <subfield code="0">0</subfield>
    <subfield code="1">0</subfield>
    <subfield code="4">0</subfield>
    <subfield code="7">0</subfield>
    <subfield code="8">CFM</subfield>
    <subfield code="a">BRCA</subfield>
    <subfield code="b">BRCA</subfield>
    <subfield code="d">2017-09-15</subfield>
    <subfield code="l">0</subfield>
    <subfield code="o">LM7 .P58 1754</subfield>
    <subfield code="p">CFM00320</subfield>
    <subfield code="r">2019-03-22 00:00:00</subfield>
    <subfield code="w">2019-03-22</subfield>
    <subfield code="y">B</subfield>
  </datafield>
  <datafield tag="952" ind1=" " ind2=" ">
    <subfield code="0">0</subfield>
    <subfield code="1">0</subfield>
    <subfield code="4">0</subfield>
    <subfield code="7">0</subfield>
    <subfield code="8">CFM</subfield>
    <subfield code="a">BRCA</subfield>
    <subfield code="b">BRCA</subfield>
    <subfield code="d">2017-09-15</subfield>
    <subfield code="l">0</subfield>
    <subfield code="o">LM7 .P58 1754</subfield>
    <subfield code="p">CFM00321</subfield>
    <subfield code="r">2019-03-22 00:00:00</subfield>
    <subfield code="w">2019-03-22</subfield>
    <subfield code="y">B</subfield>
  </datafield>
  <datafield tag="952" ind1=" " ind2=" ">
    <subfield code="0">0</subfield>
    <subfield code="1">0</subfield>
    <subfield code="4">0</subfield>
    <subfield code="7">0</subfield>
    <subfield code="8">CFM</subfield>
    <subfield code="a">BRCA</subfield>
    <subfield code="b">BRCA</subfield>
    <subfield code="d">2017-09-15</subfield>
    <subfield code="l">0</subfield>
    <subfield code="o">LM7 .P58 1754</subfield>
    <subfield code="p">CFM00322</subfield>
    <subfield code="r">2019-03-22 00:00:00</subfield>
    <subfield code="w">2019-03-22</subfield>
    <subfield code="y">B</subfield>
  </datafield>
  <datafield tag="952" ind1=" " ind2=" ">
    <subfield code="0">0</subfield>
    <subfield code="1">0</subfield>
    <subfield code="4">0</subfield>
    <subfield code="7">0</subfield>
    <subfield code="a">BRCA</subfield>
    <subfield code="b">BRCA</subfield>
    <subfield code="d">2017-09-15</subfield>
    <subfield code="l">0</subfield>
    <subfield code="o">LM7 .P58 1754</subfield>
    <subfield code="p">CFM00323</subfield>
    <subfield code="r">2019-03-22 00:00:00</subfield>
    <subfield code="w">2019-03-22</subfield>
    <subfield code="y">B</subfield>
  </datafield>
  <datafield tag="952" ind1=" " ind2=" ">
    <subfield code="0">0</subfield>
    <subfield code="1">0</subfield>
    <subfield code="4">0</subfield>
    <subfield code="7">0</subfield>
    <subfield code="8">CFM</subfield>
    <subfield code="a">BRCA</subfield>
    <subfield code="b">BRCA</subfield>
    <subfield code="d">2017-09-15</subfield>
    <subfield code="l">0</subfield>
    <subfield code="o">LM7 .P58 1754</subfield>
    <subfield code="p">CFM00324</subfield>
    <subfield code="r">2019-03-22 00:00:00</subfield>
    <subfield code="w">2019-03-22</subfield>
    <subfield code="y">B</subfield>
  </datafield>
  <datafield tag="952" ind1=" " ind2=" ">
    <subfield code="0">0</subfield>
    <subfield code="1">0</subfield>
    <subfield code="4">0</subfield>
    <subfield code="7">0</subfield>
    <subfield code="8">CFM</subfield>
    <subfield code="a">BRCA</subfield>
    <subfield code="b">BRCA</subfield>
    <subfield code="d">2017-09-15</subfield>
    <subfield code="l">0</subfield>
    <subfield code="o">LM7 .P58 1754</subfield>
    <subfield code="p">CFM00325</subfield>
    <subfield code="r">2019-03-22 00:00:00</subfield>
    <subfield code="w">2019-03-22</subfield>
    <subfield code="y">B</subfield>
  </datafield>
  <datafield tag="952" ind1=" " ind2=" ">
    <subfield code="0">0</subfield>
    <subfield code="1">0</subfield>
    <subfield code="4">0</subfield>
    <subfield code="7">0</subfield>
    <subfield code="8">CFM</subfield>
    <subfield code="a">BRCA</subfield>
    <subfield code="b">BRCA</subfield>
    <subfield code="d">2017-09-15</subfield>
    <subfield code="l">0</subfield>
    <subfield code="o">LM7 .P58 1754</subfield>
    <subfield code="p">CFM00326</subfield>
    <subfield code="r">2019-03-22 00:00:00</subfield>
    <subfield code="w">2019-03-22</subfield>
    <subfield code="y">B</subfield>
  </datafield>
  <datafield tag="952" ind1=" " ind2=" ">
    <subfield code="0">0</subfield>
    <subfield code="1">0</subfield>
    <subfield code="4">0</subfield>
    <subfield code="7">0</subfield>
    <subfield code="8">CFM</subfield>
    <subfield code="a">BRCA</subfield>
    <subfield code="b">BRCA</subfield>
    <subfield code="d">2017-09-15</subfield>
    <subfield code="l">0</subfield>
    <subfield code="o">LM7 .P58 1754</subfield>
    <subfield code="p">CFM00327</subfield>
    <subfield code="r">2019-03-22 00:00:00</subfield>
    <subfield code="w">2019-03-22</subfield>
    <subfield code="y">B</subfield>
  </datafield>
</record>
